00332nam a2200121Ia 450000500170000000800410001708200130005810000180007124500530008926000380014230000120018065000180019220241119023301.0240331s9999 xx 000 0 und d bSENa823 aSeneviratne,M 0aMists on a lake :ba collection of short stories aColombobSwastika (Pvt) Ltdc1984 a67 p ., aShort Stories